Critical and miscellaneous essays.
Gardado en:
| Autor Principal: | |
|---|---|
| Formato: | Libro |
| Idioma: | inglés grego |
| Publicado: |
New York, USA
D. Appleton and Company
1863
|
| Edición: | Segunda edición |
| Subjects: | |
| Tags: |
Engadir etiqueta
Sen Etiquetas, Sexa o primeiro en etiquetar este rexistro!
|
MARC
| LEADER | 00000nam a2200000 a 4500 | ||
|---|---|---|---|
| 001 | UCJ7038 | ||
| 003 | CL-VaPUC | ||
| 005 | 20230718160220.0 | ||
| 008 | 070124e18630511US |||||||||||||||||eng|d | ||
| 999 | |c 323140 |d 323138 | ||
| 040 | |c Pontificia Universidad Católica de Valparaíso | ||
| 041 | 0 | 7 | |a eng |2 CL-VaPUC |
| 041 | 0 | 7 | |a gre |2 CL-VaPUC |
| 082 | 0 | 4 | |a 820 MAC 1863 |2 21 |
| 100 | |a Macaulay, Thomas Babington |e autor |9 514895 | ||
| 245 | 1 | 0 | |a Critical and miscellaneous essays. |
| 250 | |a Segunda edición | ||
| 260 | 0 | 3 | |a New York, USA |b D. Appleton and Company |c 1863 |
| 300 | |a 7 volúmenes. | ||
| 500 | |a Los 7 vol. traen ex libris de Don Juan de Dios Arlegui | ||
| 583 | |a last modification |c 20070124 00:00:00 |k Rodrigo Vera | ||
| 600 | 0 | 7 | |a EDINBURGH REVIEW |2 CL-VaPUC |9 514896 |
| 600 | 0 | 7 | |a BYRON, JOHN |2 CL-VaPUC |9 421021 |
| 600 | 0 | 7 | |a TEMPLE, WILLIAM |2 CL-VaPUC |9 514897 |
| 600 | 0 | 7 | |a MONTGOMERY, ROBERT |2 CL-VaPUC |9 511618 |
| 600 | 0 | |a Johnson, Samuel |d 1709-1784 |9 418085 | |
| 600 | 0 | 7 | |a PENN, WILLIAM |2 CL-VaPUC |9 510860 |
| 600 | 0 | 7 | |a ARLEGUI, JUAN DE DIOS |2 CL-VaPUC |9 437887 |
| 650 | 0 | |a Crítica literaria |9 269189 | |
| 650 | 7 | |a BIOGRAFIAS |2 CL-VaPUC |9 504622 | |
| 650 | 0 | |a Derecho constitucional |9 222588 | |
| 650 | 0 | |a Poesía inglesa |9 264944 | |
| 650 | 7 | |a EX LIBRIS |2 CL-VaPUC |9 505186 | |
| 942 | |c BK |2 ddc | ||
| 945 | |d 20070124 00:00:00 |a rinostro | ||
| 952 | |0 0 |1 0 |4 0 |6 820_000000000000000_MAC_1863 |7 0 |8 X |9 402490 |a FDOBUD |b FDOBUD |d 2019-11-22 |h v.1 |i 1057332 |o 820 MAC 1863 |p 1057332 |r 2019-11-22 |t 1 |w 2019-11-22 |y BK_X |k BUD | ||
| 952 | |0 0 |1 0 |4 0 |6 820_000000000000000_MAC_1863 |7 0 |8 X |9 402491 |a FDOBUD |b FDOBUD |d 2019-11-22 |h v.2 |i 1057340 |o 820 MAC 1863 |p 1057340 |r 2019-11-22 |t 1 |w 2019-11-22 |y BK_X |k BUD | ||
| 952 | |0 0 |1 0 |4 0 |6 820_000000000000000_MAC_1863 |7 0 |8 X |9 402492 |a FDOBUD |b FDOBUD |d 2019-11-22 |h v.3 |i 1057359 |o 820 MAC 1863 |p 1057359 |r 2019-11-22 |t 1 |w 2019-11-22 |y BK_X |k BUD | ||
| 952 | |0 0 |1 0 |4 0 |6 820_000000000000000_MAC_1863 |7 0 |8 X |9 402493 |a FDOBUD |b FDOBUD |d 2019-11-22 |h v.4 |i 1057367 |o 820 MAC 1863 |p 1057367 |r 2019-11-22 |t 1 |w 2019-11-22 |y BK_X |k BUD | ||
| 952 | |0 0 |1 0 |4 0 |6 820_000000000000000_MAC_1863 |7 0 |8 X |9 402494 |a FDOBUD |b FDOBUD |d 2019-11-22 |h v.5 |i 1057375 |o 820 MAC 1863 |p 1057375 |r 2019-11-22 |t 1 |w 2019-11-22 |y BK_X |k BUD | ||
| 952 | |0 0 |1 0 |4 0 |6 820_000000000000000_MAC_1863 |7 0 |8 X |9 402495 |a FDOBUD |b FDOBUD |d 2019-11-22 |h v.6 |i 1057383 |o 820 MAC 1863 |p 1057383 |r 2019-11-22 |t 1 |w 2019-11-22 |y BK_X |k BUD | ||
| 952 | |0 0 |1 0 |4 0 |6 820_000000000000000_MAC_1863 |7 0 |8 X |9 402496 |a FDOBUD |b FDOBUD |d 2019-11-22 |h v.7 |i 1057391 |o 820 MAC 1863 |p 1057391 |r 2019-11-22 |t 1 |w 2019-11-22 |y BK_X |k BUD | ||